| 000 | 00508 a2200169 4500 | ||
|---|---|---|---|
| 003 | Nust | ||
| 005 | 20230406115918.0 | ||
| 040 | _cNust | ||
| 082 | _a956.7044 | ||
| 100 |
_aTom Clancy _99424 |
||
| 245 |
_aEvery Man a Tiger / _cTom Clancy |
||
| 260 |
_aLondon _bMacmillian press _c1999 |
||
| 300 | _a563 | ||
| 505 | _aPart.1: Into the Wild Blue (Page-29), Part.2: Shield in the Sky (Page-163), Part.3: The Thousand – Hour War (Page-333). | ||
| 650 |
_aEvery Man a Tiger _9108990 |
||
| 942 |
_2ddc _cBK |
||
| 999 |
_c186530 _d186530 |
||